• 首页
  • 本馆介绍
  • 公告通知
  • 最新文献
  • 馆藏检索
  • 电子资源
  • 读者导购
  • 参考咨询
  • 我的图书馆
  • 登录
  • 详细信息显示
  • 放入我的书架
  • 预约/预借图书
  • 作者相关作品
  • 分类相关作品
  • 丛书相关作品
  • 出版社相关作品

书目信息

  • 表格格式
  • 工作单格式
  • 卡片格式
题名:
方立天文集
    
 
作者: 方立天 著
分册: 第七卷   中国佛教文化
出版信息: 北京   中国人民大学出版社  2012
页数: 385页
开本: 24cm
丛书名:
单 册:
中图分类: B-53 , B949.2
科图分类:
主题词: 哲学--文集 , 佛教--宗教文化--研究--中国 , 哲学 , 佛教 , 宗教文化
电子资源:
ISBN: 978-7-300-15774-0
000 01018nam0 2200289 450
001 519
005 20140904155542.40
010    @a978-7-300-15774-0@dCNY60.00
100    @a20121107d2012 em y0chiy50 ea
101 0  @achi
102    @aCN@b110000
105    @aa z 000yy
106    @ar
200 1  @a方立天文集@AFang Li Tian Wen Ji@h第七卷@HDi Qi Juan@i中国佛教文化@IZhong Guo Fo Jiao Wen Hua@f方立天著@FFang Li Tian Zhu
210    @a北京@c中国人民大学出版社@d2012
215    @a385页@c彩照@d24cm
330    @a本书在总结中国佛教文化体系的结构、元素、内外联系、演变根源和内在特质的基础上,着重论述佛教文化诸多元素的丰富内涵,如对佛教缘起、平等、慈悲理念,人生理想理论,伦理思想,心性学说,生态哲学等多有论述。
606 0  @a哲学@j文集
606 0  @a佛教@x宗教文化@x研究@y中国
606 0  @a哲学
606 0  @a佛教
606 0  @a宗教文化
690    @aB-53@v5
690    @aB949.2@v5
701  0 @a方立天@AFang Li Tian@f(1933~2014)@4著
801  0 @aCN@bTANGWEI@c20140603
905    @b0837901-03@dB-53@e56:7@f3
    
    方立天文集.第七卷.中国佛教文化/方立天著.-北京:中国人民大学出版社,2012
    385页:彩照;24cm
    
    
    ISBN 978-7-300-15774-0:CNY60.00
    本书在总结中国佛教文化体系的结构、元素、内外联系、演变根源和内在特质的基础上,着重论述佛教文化诸多元素的丰富内涵,如对佛教缘起、平等、慈悲理念,人生理想理论,伦理思想,心性学说,生态哲学等多有论述。
●
相关链接 在E读中查询图书 在五车中查询图书 在当当中查询图书 在豆瓣中查询图书


正题名:方立天文集     索取号:B-53/56:7         预约/预借

序号 登录号 条形码 馆藏地/架位号 状态 备注
1 0837901   208379011   第一样本阅览室/ [索取号:B-53/56:7] 在馆    
2 0837902   208379020   第一借阅区/ [索取号:B-53/56:7] 在馆    
3 0837903   208379039   第一借阅区/ [索取号:B-53/56:7] 在馆    
唐山师范学院图书馆 欢迎您!
大连网信软件有限公司© 版权所有